|
|
|
|
| LEADER |
00850nam a2200217 a 4500 |
| 001 |
c000363995 |
| 003 |
CARM |
| 005 |
00000000000000.0 |
| 008 |
851113s1965 ilu 00000 eng d |
| 019 |
1 |
|
|a 4154449
|5 LACONCORD2021
|
| 035 |
|
|
|a (OCoLC)288994
|5 LACONCORD2021
|
| 100 |
1 |
|
|a Hogan, Robert Goode,
|d 1930-
|
| 245 |
1 |
4 |
|a The independence of Elmer Rice /
|c by Robert Hogan ; With a pref. by Harry T. Moore.
|
| 260 |
|
|
|a Carbondale :
|b Southern Illinois Univ. Pr.,
|c [1965].
|
| 300 |
|
|
|a viii, 164 p. ;
|c 22 cm.
|
| 490 |
0 |
|
|a Crosscurrent: modern critiques
|
| 600 |
1 |
0 |
|a Rice, Elmer,
|d 1892-1967
|
| 852 |
8 |
|
|b CARM
|h A1:AL06a0
|i A05167
|p 0445471
|f BK
|
| 082 |
0 |
4 |
|a 812.52
|
| 999 |
f |
f |
|i 46d96d7b-e213-5e78-bcbd-8565705b7762
|s 5776269c-29fa-54ef-b49c-24fdb3c91d0f
|
| 952 |
f |
f |
|p Can circulate
|a CAVAL
|b CAVAL
|c CAVAL
|d CARM 1 Store
|e A05167
|f A1:AL06a0
|h Other scheme
|i book
|m 0445471
|